000 00404nam a2200181Ia 4500
001 765
005 20260306140542.0
008 260306t1994||||xx |||||||||||||| ||spa||
041 _aESP
082 _a160
_bS21 1994
100 _aSanguineti, Juan José
_eAUT
245 0 _aLógica
260 _c1994
300 _a240 páginas :
_c20 cm.
650 _aGEN
654 _aCHU
942 _cLIB
_dJUS
_fJUS
_2ddc
_n
999 _c765
_d765